000 00764nam a2200229Ii 4500
003 JO-AjNU
008 230605s9999||||xx |||||||||||||| ||und||
017 _a2015/3/1102
020 _a978-9957-72-118-3
040 _aJO-AjNU
_bara
_erda
_cJO-AjNU
041 _aara
050 1 4 _aDS36.85.2016
100 3 _aتاليف: المزايدة،عمر زعل,
_eauthor
_960902
245 0 0 _aابحاث ودراسات في الفكر والتاريخ الاسلامي
250 _aالطبعة الاولى
264 3 1 _aعمان: زمزم ناشرون وموزعون، 2016
300 _a160ص
336 _atext
_btxt
_2rdacontent
337 _aunmediated
_bn
_2rdamedia
338 _avolume
_bnc
_2rdacarrier
650 4 _aالتاريخ الاسلامي
_960903
999 _aA27497
_c31065
_d31065